Normal view MARC view

Entry Personal Name

Number of records used in: 1

001 - CONTROL NUMBER

  • control field: 1236589

003 - CONTROL NUMBER IDENTIFIER

  • control field: OSt

005 - DATE AND TIME OF LATEST TRANSACTION

  • control field: 20260430150138.0

008 - FIXED-LENGTH DATA ELEMENTS

  • fixed length control field: 260430|| aca||aabn | a|a d

040 ## - CATALOGING SOURCE

  • Original cataloging agency: OSt
  • Transcribing agency: OSt

100 ## - HEADING--PERSONAL NAME

  • Personal name: Kaur Gurvinder Au.; Sharma Urvashi Gu

670 ## - SOURCE DATA FOUND

  • Source citation: Work cat.: (OSt)1849060: Kaur Gurvinder Au.; Sharma Urvashi Gu., Organizational and professional commitment among academia: A study of university of Delhi, 2021
Copyright @ Delhi University Library System